Top 10 NBA Players By Division - Atlantic - Statistics

General Stats
  • This quiz has been taken 52 times
  • The average score is 9 of 10
Answer Stats
# Answer % Correct
3 Jalen Brunson
98%
2 Jayson Tatum
98%
4 Jaylen Brown
96%
1 Joel Embiid
94%
7 Karl-Anthony Towns
90%
9 Kristaps Porzingis
84%
6 Tyrese Maxey
84%
5 Paul George
82%
8 Jrue Holiday
80%
10 Derrick White
78%
No matching quizzes found
Score Distribution
Percent of People with Each Score
Percentile by Number Answered
Your Score History
You have not taken this quiz